Obálka
Pro půjčování e-knih musíte být přihlášeni.
Jak si půjčit online?

Saturnin při chuti : oficiální pokračování /

Uloženo v:
Série:Saturnin, část 4
Hlavní autor: Macek, Miroslav, 1944-2024 (Autor)
Další autoři: Nosek, Jaromír, 1978- (Autor)
Médium: E-audiokniha
Jazyk:Czech
Vydáno: Praha : Voxi, [2023]
Témata:
Příbuzné jednotky:Z cyklu:: Saturnin
Tagy:
Žádné tagy
LEADER 03351nim a2200889 i 4500
001 313184
003 CZ PrSKC
005 20260601215737.0
007 sd fungnnmmned
008 231107t20232023xr nnnng f n cze
015 |a cnb003565745 
020 |z 8594050436527 
024 3 |a 8594050436527 
040 |a ABA001  |b cze  |e rda 
072 7 |a 821.162.3-3  |x Česká próza  |2 Konspekt 
080 |a 821.162.3-31  |2 MRF 
080 |a (0:82-311.5)  |2 MRF 
080 |a (086.7)08  |2 MRF 
080 |a (086.76)  |2 MRF 
100 1 |a Macek, Miroslav,  |d 1944-2024  |7 jn20000401683  |4 aut 
245 1 0 |a Saturnin při chuti :  |b oficiální pokračování /  |c napsal Miroslav Macek 
264 1 |a Praha :  |b Voxi,  |c [2023] 
264 4 |c ©2023 
300 |a 1 audiodisk (3 hod., 57 min.) ;  |c 12 cm 
306 |a 035700 
336 |a mluvené slovo  |b spw  |2 rdacontent 
337 |a audio  |b s  |2 rdamedia 
338 |a audiodisk  |b sd  |2 rdacarrier 
344 |a digital  |b optical  |2 rda 
347 |a audio soubor  |b MP3  |2 rda 
500 |a Název z disku 
500 |a Nad názvem: ©Zdeněk Jirotka 
500 |a Copyright Albatros Media 
500 |a Nezkrácená audiokniha ve formátu MP3 
500 |a Podle stejnojmenné knihy vydané nakladatelstvím XYZ v roce 2023 
511 0 |a Čte Jaromír Nosek 
655 7 |a české romány  |7 fd133974  |2 czenas 
655 7 |a humoristické romány  |7 fd132431  |2 czenas 
655 7 |a audioknihy  |7 fd119452  |2 czenas 
655 7 |a kompaktní disky  |7 fd201991  |2 czenas 
700 1 |a Nosek, Jaromír,  |d 1978-  |7 jo20010092694  |4 nrt 
787 0 8 |i Z cyklu:  |t Saturnin  |g 4 
900 |a ABA001  |b 18 
044 |a xr 
505 0 0 |t 01-kapitola (0 min., 8 sek.) 
505 0 0 |t 02-kapitola (9 min., 44 sek.) 
505 0 0 |t 03-kapitola (7 min., 9 sek.) 
505 0 0 |t 04-kapitola (9 min., 9 sek.) 
505 0 0 |t 05-kapitola (9 min., 12 sek.) 
505 0 0 |t 06-kapitola (6 min., 14 sek.) 
505 0 0 |t 07-kapitola (7 min., 35 sek.) 
505 0 0 |t 08-kapitola (7 min., 54 sek.) 
505 0 0 |t 09-kapitola (6 min., 3 sek.) 
505 0 0 |t 10-kapitola (8 min., 4 sek.) 
505 0 0 |t 11-kapitola (6 min., 4 sek.) 
505 0 0 |t 12-kapitola (9 min., 3 sek.) 
505 0 0 |t 13-kapitola (9 min., 13 sek.) 
505 0 0 |t 14-kapitola (6 min., 0 sek.) 
505 0 0 |t 15-kapitola (8 min., 46 sek.) 
505 0 0 |t 16-kapitola (7 min., 55 sek.) 
505 0 0 |t 17-kapitola (8 min., 35 sek.) 
505 0 0 |t 18-kapitola (7 min., 58 sek.) 
505 0 0 |t 19-kapitola (10 min., 3 sek.) 
505 0 0 |t 20-kapitola (10 min., 43 sek.) 
505 0 0 |t 21-kapitola (12 min., 34 sek.) 
505 0 0 |t 22-kapitola (7 min., 19 sek.) 
505 0 0 |t 23-kapitola (9 min., 8 sek.) 
505 0 0 |t 24-kapitola (6 min., 20 sek.) 
505 0 0 |t 25-kapitola (8 min., 39 sek.) 
505 0 0 |t 26-kapitola (7 min., 14 sek.) 
505 0 0 |t 27-kapitola (6 min., 58 sek.) 
505 0 0 |t 28-kapitola (7 min., 43 sek.) 
505 0 0 |t 29-kapitola (0 min., 20 sek.) 
505 0 0 |t 30-kapitola (0 min., 54 sek.) 
910 |a RBIT002 
998 |d 387596  |a https://core.palmknihy.cz/api/books/387596/cover?sejd87  |b https://core.palmknihy.cz/api/books/387596/cover/400?sejd87  |c https://core.palmknihy.cz/api/books/387596/cover/50?sejd87  |e 2033-12-31  |i 8594050436527  |l 14220  |q 49  |r 1  |s https://www.palmknihy.cz/kniha/387596  |t audiobook  |y 2023  |z 0  |v Saturnin  |w 4 
999 |d 313182